00273nam a22001217a 4500003000400000082001800004100001900022245004600041260002600087300000800113650001900121653001100140SGT a617.632bH23G aGodara, Eshika aHaematological disorders and periodontics bSGT University c2024 a132 aPeriodontology aMDS LD